000 004750000a22002050004500
005 20120302053554.0
942 _cBOOK
245 _a Siddha-16: 1982
260 _aMumbai:Siddharth College,1983
300 _a92p
040 _aENG
365 _bRs.
650 _aAmbedkar's Independent Labour Party
650 _aSadanand Rege
650 _aSiddha-17
650 _aGeoffrey Hill
650 _aMilitant Mahars
650 _aBlue Sky
650 _aBirthright-Hindus
999 _c343231
_d343228